[Event "PR - 10"]
[Site "http://www.queenalice.com/game.php?id=644809"]
[Date "2009.9.3"]
[Round "-"]
[White "Strogonoff"]
[Black "Tonico"]
[Result "1-0"]
[WhiteElo "1743"]
[BlackElo "1734"]

1. b3 d5 2. Bb2 Nf6 3. g3 e5 4. Bxe5 Bd6 5. Bxf6 Qxf6 6. c3 O-O 7. Bg2 c6 8. Nf3
Bg4 9. O-O Nd7 10. d4 Be6 11. Nbd2 c5 12. dxc5 Bxc5 13. e4 Ne5 14. exd5 Bxd5 15.
Nxe5 Qxe5 16. Bxd5 Qxd5 17. Re1 Qf5 18. Re2 Rae8 19. Nc4 Rd8 20. Qc2 Qf6 21.
Rae1 b6 22. Ne5 Rd5 23. Ng4 Qf3 24. Ne5 Qf6 25. Qe4 Rdd8 26. Ng4 Qe6 27. Qf4 Qc6
28. Qg5 Qg6 29. Qxg6 fxg6 30. Ne5 Rde8 31. Nd7 Rxe2 32. Rxe2 Rd8 33. Nxc5 bxc5
34. Re7 Ra8 35. Rc7 g5 36. Rxc5 h6 37. Kg2 a5 38. Kf3 Kf7 39. a4 Ke6 40. Ke4 g6
41. Rc6+ Kf7 42. Kd5 h5 43. Rb6 g4 44. c4 Rd8+ 45. Rd6 Rb8 46. c5 Rxb3 47. c6
Rd3+ 48. Kc5 Rc3+ 49. Kb5 Ke7 50. Rxg6 Rc2 51. Kb6 Rxf2 52. Kb7 1-0

[Event "Let's Play Chess!"]
[Site "http://www.queenalice.com/game.php?id=648662"]
[Date "2009.9.7"]
[Round "-"]
[White "BobySponja"]
[Black "Tonico"]
[Result "1-0"]
[WhiteElo "1580"]
[BlackElo "1757"]

1. e4 c5 2. d3 e5 3. Nf3 Nc6 4. Nc3 Nf6 5. Be3 d6 6. Nd5 Nxd5 7. exd5 Nd4 8.
Bxd4 cxd4 9. Qd2 Be7 10. c4 Bg4 11. Be2 O-O 12. O-O h6 13. b3 Bxf3 14. Bxf3 Bg5
15. Qc2 f5 16. c5 dxc5 17. Qxc5 Be7 18. Qc2 Rc8 19. Qe2 Bf6 20. Rac1 Qd7 21. Rc4
b5 22. Rc2 Rc3 23. Rfc1 b4 24. a3 Rfc8 25. a4 a5 26. Rxc3 dxc3 27. h3 Re8 28.
Rc2 e4 29. dxe4 fxe4 30. Bxe4 Be5 31. f3 Qa7+ 32. Kh1 Bg3 33. Bh7+ Kf7 34. Bg6+
Kxg6 35. Qxe8+ Kh7 36. Qe4+ Kg8 37. f4 Qb8 38. f5 Be5 39. g4 Kf7 40. Kg2 Qd6 41.
Qc4 Kf6 42. Qe4 Kg5 43. Qe3+ Bf4 44. Qe6 Qxe6 45. dxe6 Bd6 46. Re2 Kf6 47. h4
Be7 48. Kf3 g5 49. h5 Kg7 50. Ke4 Kf6 51. Kd5 Kg7 52. Kc6 Kf6 53. Kb5 Bd8 54. e7
Bxe7 55. Kxa5 Bd6 56. Kb5 Be7 57. a5 Bd6 58. a6 1-0

[Event "Challenge"]
[Site "http://www.queenalice.com/game.php?id=648663"]
[Date "2009.9.7"]
[Round "-"]
[White "toninhnodaprata"]
[Black "Tonico"]
[Result "1-0"]
[WhiteElo "1910"]
[BlackElo "1779"]

1. e4 e5 2. Nf3 Nc6 3. d4 d6 4. dxe5 Bg4 5. exd6 Qxd6 6. Qxd6 cxd6 7. Be2 O-O-O
8. Ng5 Ne5 9. Bxg4+ Nxg4 10. Nxf7 Be7 11. Nxh8 Rf8 12. f3 Ne5 13. Bf4 Rxf4 14.
Nd2 Bf6 15. g3 Nxf3+ 16. Nxf3 Rxf3 17. Ke2 Rxg3 18. hxg3 Nh6 19. Rxh6 gxh6 20.
Nf7 Bxb2 21. Nxd6+ Kd7 22. Rd1 Kc6 23. Kf3 h5 24. Kf4 b5 25. Kg5 Be5 26. Kxh5
Bxg3 27. Nf5 Bf4 28. Kg4 Kc5 29. Kxf4 1-0

[Event "Challenge"]
[Site "http://www.queenalice.com/game.php?id=648664"]
[Date "2009.9.7"]
[Round "-"]
[White "toninhnodaprata"]
[Black "Tonico"]
[Result "1-0"]
[WhiteElo "1893"]
[BlackElo "1768"]

1. e4 e5 2. Nf3 Nc6 3. Bc4 Nf6 4. Ng5 d5 5. exd5 Nxd5 6. d3 h6 7. Nxf7 Kxf7 8.
Qf3+ Ke6 9. Bd2 Nd4 10. Qd1 c6 11. O-O b5 12. Bxd5+ cxd5 13. Re1 Qf6 14. Be3 Nf5
15. Bf4 Bd6 16. d4 e4 17. Bxd6 Kxd6 18. c3 Re8 19. Na3 Bd7 20. Nc2 a5 21. Ne3 a4
22. Ng4 Qf8 23. Ne5 Re6 24. Qe2 Be8 25. b3 axb3 26. axb3 Rxa1 27. Rxa1 Ke7 28.
Ra8 Qf6 29. Qa2 Rd6 30. Qa7+ Bd7 31. Rb8 Qe6 32. Rxb5 h5 33. Rb7 g6 34. Qc5 e3
35. fxe3 Nxe3 36. Rxd7+ Ke8 37. Qc8# 1-0

[Event "Let's Play Chess!"]
[Site "http://www.queenalice.com/game.php?id=648670"]
[Date "2009.9.7"]
[Round "-"]
[White "Tonico"]
[Black "BobySponja"]
[Result "0-1"]
[WhiteElo "1815"]
[BlackElo "1760"]

1. e4 e5 2. Nf3 Nf6 3. Nc3 Nc6 4. Bb5 Bc5 5. Bxc6 dxc6 6. h3 Be6 7. Nxe5 Qd4 8.
Ng4 Nxg4 9. Qe2 Qxf2+ 10. Kd1 Qxe2+ 11. Nxe2 Nf2+ 12. Ke1 Nxh1 13. d4 Be7 14.
Be3 Bh4+ 15. Kd2 Ng3 16. Nxg3 Bxg3 17. b3 h5 18. c4 h4 19. Ke2 b6 20. e5 Rg8 21.
Kf3 O-O-O 22. Rc1 g5 23. Ke4 g4 24. Rh1 gxh3 25. gxh3 a5 26. Rg1 Bxh3 27. d5
cxd5+ 28. cxd5 Rde8 29. Bd4 f5+ 30. Kf3 Bg4+ 31. Kg2 Bxe5 32. Bf2 Bh5+ 33. Kf1
Rxg1+ 34. Bxg1 h3 0-1

[Event "Let's Play Chess!"]
[Site "http://www.queenalice.com/game.php?id=648672"]
[Date "2009.9.7"]
[Round "-"]
[White "BobySponja"]
[Black "Tonico"]
[Result "1/2-1/2"]
[WhiteElo "1863"]
[BlackElo "1776"]

1. e4 e5 2. Bc4 Bc5 3. Nf3 d6 4. d3 Bg4 5. Be3 Bb4+ 6. c3 Ba5 7. b4 Bb6 8. h3
Bxf3 9. Qxf3 Qf6 10. Qxf6 Nxf6 11. Nd2 O-O 12. Bxb6 axb6 13. Nf3 h6 14. a4 Nbd7
15. O-O c6 16. Nh4 d5 17. exd5 cxd5 18. Bb3 e4 19. dxe4 dxe4 20. Rfe1 Ne5 21.
Nf5 Kh7 22. Nd6 Rab8 23. f4 Nd3 24. Re2 Nxf4 25. Re3 N4d5 26. Bxd5 Nxd5 27. Rxe4
Nxc3 28. Re7 Nd5 29. Rxf7 Rxf7 30. Nxf7 Nxb4 31. Rb1 Nd5 32. Rb5 Nc3 33. Rxb6
Nxa4 34. Rb4 Nc5 35. Nd6 Kg6 36. Rb5 b6 37. Nc4 Kf5 38. Rxb6 Rxb6 39. Nxb6 g5
40. Nc4 Ne4 41. Ne3+ Kf4 42. Ng4 h5 43. Nh2 g4 44. hxg4 h4 45. Nf3 Kxg4 46. Nxh4
Kxh4 47. Kh2 Kg4 48. g3 Nxg3 49. Kg2 Ne4 1/2-1/2

[Event "Let's Play Chess!"]
[Site "http://www.queenalice.com/game.php?id=648673"]
[Date "2009.9.7"]
[Round "-"]
[White "Tonico"]
[Black "BobySponja"]
[Result "0-1"]
[WhiteElo "1869"]
[BlackElo "1729"]

1. e4 e5 2. Bc4 Nc6 3. Qf3 f5 4. Qxf5 d5 5. Bxd5 Bxf5 6. Bxc6+ bxc6 7. exf5 Nf6
8. Nc3 Bb4 9. Nf3 Bxc3 10. dxc3 Qd7 11. Be3 O-O 12. Nxe5 Qxf5 13. Nxc6 Qxc2 14.
O-O Qxb2 15. Bd4 Qb7 16. Ne7+ Kh8 17. Rab1 Qe4 18. Rbe1 Qd3 19. Nc6 Nd5 20. Ne5
Qf5 21. Nf3 Nf4 22. Re5 Qg6 23. Nh4 Qg4 24. g3 Nd3 25. Re7 Rf6 26. Bxf6 gxf6 27.
Rxc7 Qa4 28. Nf5 Qxa2 29. Nh6 Ne5 0-1

[Event "Challenge"]
[Site "http://www.queenalice.com/game.php?id=648837"]
[Date "2009.9.7"]
[Round "-"]
[White "Tonico"]
[Black "DanizinhaBH"]
[Result "0-1"]
[WhiteElo "1797"]
[BlackElo "1661"]

1. e4 e5 2. Nf3 Nc6 3. Bb5 Bc5 4. Nc3 Qf6 5. Nd5 Qd6 6. c3 Nf6 7. d3 Nxd5 8.
exd5 Qxd5 9. Bxc6 bxc6 10. O-O d6 11. d4 e4 12. Re1 Bb6 13. Ng5 h6 14. Nxe4 O-O
15. Qf3 Qf5 16. Qg3 Qg4 17. Be3 Qxe4 18. Bxh6 Qg4 19. Bf4 Qxg3 20. Bxg3 Be6 21.
b3 c5 22. dxc5 Bxc5 23. c4 c6 24. Rad1 d5 25. Re5 Bd6 26. Re3 Bxg3 27. hxg3 dxc4
28. bxc4 Bxc4 29. a3 Bb5 30. Rd4 g6 31. f4 f5 32. Rd6 Kg7 33. Ree6 c5 34. Rxg6+
Kf7 35. Rh6 Rae8 36. Rh7+ Kg8 37. Rh4 Rf7 38. g4 fxg4 39. Rxg4+ Kf8 40. Kf2 Be2
41. Rh4 Bd3 42. Kf3 c4 43. Rd4 Be2+ 44. Kf2 Bd3 45. g3 Rb7 46. Rh6 Rb2+ 47. Kf3
Be2+ 48. Kf2 Bg4+ 49. Kf1 Rb1+ 50. Kf2 Re2# 0-1

[Event "Challenge"]
[Site "http://www.queenalice.com/game.php?id=648838"]
[Date "2009.9.7"]
[Round "-"]
[White "DanizinhaBH"]
[Black "Tonico"]
[Result "1-0"]
[WhiteElo "1703"]
[BlackElo "1836"]

1. e4 e5 2. Nf3 Nc6 3. Bc4 d6 4. d3 Bg4 5. Nbd2 Nf6 6. h3 Be6 7. Bxe6 fxe6 8. a3
Be7 9. Nh4 d5 10. c4 O-O 11. exd5 exd5 12. Qb3 Na5 13. Qc3 c6 14. Qxe5 Bd6 15.
Qg5 dxc4 16. Nf5 Ne8 17. Qg4 g6 18. Nh6+ Kh8 19. dxc4 Nf6 20. Qh4 Qe7+ 21. Kd1
c5 22. b4 cxb4 23. axb4 Nc6 24. b5 Nd8 25. Bb2 Be5 26. Bxe5 Qxe5 27. Ra3 Ne6 28.
Re1 Qb2 29. Rf3 Qa1+ 30. Ke2 Nd4+ 31. Kf1 Qb2 32. Rxf6 Qxd2 33. Rf7 Qd3+ 34. Kg1
Ne2+ 35. Kh1 Rae8 36. Qf6# 1-0

[Event "Challenge"]
[Site "http://www.queenalice.com/game.php?id=689136"]
[Date "2009.11.26"]
[Round "-"]
[White "Tonico"]
[Black "toninhnodaprata"]
[Result "0-1"]
[WhiteElo "1688"]
[BlackElo "1731"]

1. e4 e5 2. Nf3 Nc6 3. Bb5 d6 4. O-O Bd7 5. Re1 Nf6 6. d3 Be7 7. Nc3 Nd4 8.
Bxd7+ Qxd7 9. Nxd4 exd4 10. Nd5 Nxd5 11. exd5 O-O 12. Qf3 Rfe8 13. Qg3 Bf6 14.
Bd2 Rxe1+ 15. Rxe1 Qb5 16. Bg5 Be5 17. Qg4 Qxd5 18. c4 Qa5 19. Kf1 Qxa2 20. f4
h6 21. Bxh6 Bf6 22. Bg5 Bxg5 0-1

[Event "Challenge"]
[Site "http://www.queenalice.com/game.php?id=689137"]
[Date "2009.11.26"]
[Round "-"]
[White "toninhnodaprata"]
[Black "Tonico"]
[Result "1-0"]
[WhiteElo "1745"]
[BlackElo "1674"]

1. e4 c5 2. Nf3 Nc6 3. d4 cxd4 4. Nxd4 Nxd4 5. Qxd4 e6 6. Bb5 a6 7. Ba4 b5 8.
Bb3 Bb7 9. Nc3 Nf6 10. O-O Be7 11. Bg5 b4 12. Bxf6 bxc3 13. Bxe7 Qxe7 14. Qxg7
O-O-O 15. Qxc3+ Kb8 16. Qd4 d5 17. e5 Rhg8 18. Qf4 Qc7 19. Qd4 h5 20. f4 Rgf8
21. Rf3 Rc8 22. Qb4 Qc5+ 23. Qxc5 1-0

[Event "Challenge"]
[Site "http://www.queenalice.com/game.php?id=703633"]
[Date "2009.12.26"]
[Round "-"]
[White "Tonico"]
[Black "thedead"]
[Result "1-0"]
[WhiteElo "1718"]
[BlackElo "1300"]

1. e4 e5 2. Nf3 Nc6 3. Bb5 a6 4. Bxc6 dxc6 5. O-O Bg4 6. d3 h6 7. Be3 c5 8. c4
Bd6 9. Nbd2 Nf6 10. Qb3 Rb8 11. Nh4 c6 12. Nf5 Qc7 13. Nxg7+ 1-0

[Event "Challenge"]
[Site "http://www.queenalice.com/game.php?id=710006"]
[Date "2010.1.7"]
[Round "-"]
[White "Tonico"]
[Black "DanizinhaBH"]
[Result "0-1"]
[WhiteElo "1720"]
[BlackElo "1701"]

1. e4 e5 2. Bc4 Nf6 3. d3 h6 4. Bd2 Nc6 5. Bc3 a6 6. a3 Ne7 7. Bxe5 Nh7 8. Nf3
d6 9. Bc3 b5 10. Ba2 Nf6 11. Bxf6 gxf6 12. O-O Be6 13. Nc3 c5 14. Nd5 Bxd5 15.
c4 Be6 16. h3 f5 17. cxb5 d5 18. exf5 Bxf5 19. Re1 Bg7 0-1

[Event "Challenge"]
[Site "http://www.queenalice.com/game.php?id=710010"]
[Date "2010.1.7"]
[Round "-"]
[White "DanizinhaBH"]
[Black "Tonico"]
[Result "1-0"]
[WhiteElo "1718"]
[BlackElo "1703"]

1. e4 e5 2. d4 exd4 3. Qxd4 Nc6 4. Qd1 Bd6 5. Nf3 Nf6 6. Nc3 Be5 7. Nd5 Nxe4 8.
Qe2 f5 9. Bg5 Nxg5 10. Nxe5 Ne6 11. O-O-O O-O 12. f4 Nxe5 13. Qxe5 d6 14. Qc3 c6
15. Ne3 Nxf4 16. Qc4+ Ne6 17. Rxd6 1-0

[Event "Challenge"]
[Site "http://www.queenalice.com/game.php?id=739269"]
[Date "2010.3.1"]
[Round "-"]
[White "toninhnodaprata"]
[Black "Tonico"]
[Result "1-0"]
[WhiteElo "1931"]
[BlackElo "1652"]

1. e4 e5 2. Nf3 Nc6 3. Bb5 d6 4. Nc3 Bd7 5. d3 Nf6 6. Bg5 Be7 7. O-O h6 8. Be3
a6 9. Ba4 b5 10. Bb3 Bg4 11. Nd5 Nd4 12. Nxf6+ Bxf6 13. Bxd4 exd4 14. Bd5 c6 15.
Bxc6+ Kf8 16. h3 Bh5 17. Bxa8 Qxa8 18. g4 Bg6 19. Re1 Be5 20. Nh4 Bh7 21. Qd2 g5
22. Nf3 Bf4 23. Qb4 Kg7 24. Qxd4+ Kg8 25. Qd5 Qxd5 26. exd5 Kg7 27. Re7 a5 28.
Nd4 Kf6 29. Ra7 Be5 30. Nxb5 Bxb2 31. Rb1 Be5 32. Rxa5 Rb8 33. Rb3 Bg6 34. d4
Bf4 35. Rf3 Be4 36. Rxf4+ gxf4 37. c4 Rb6 38. Nc3 Bf3 39. Rb5 Rxb5 40. cxb5 Ke7
41. a4 Kd7 42. b6 h5 43. a5 hxg4 44. h4 g3 45. a6 Kc8 46. b7+ Kb8 47. Nb5 gxf2+
48. Kxf2 Bh5 49. Nxd6 f6 50. Ne4 f5 51. Nf6 Bf7 52. Nd7+ 1-0

[Event "Challenge"]
[Site "http://www.queenalice.com/game.php?id=739276"]
[Date "2010.3.1"]
[Round "-"]
[White "Tonico"]
[Black "toninhnodaprata"]
[Result "0-1"]
[WhiteElo "1661"]
[BlackElo "1842"]

1. e4 c5 2. c4 e5 3. Nc3 Nf6 4. d3 Be7 5. Be2 Nc6 6. Nf3 d6 7. Bg5 O-O 8. Be3
Nd4 9. Nd5 Nxd5 10. Nxd4 Nxe3 11. fxe3 Qa5+ 12. Qd2 Qxd2+ 13. Kxd2 cxd4 14. exd4
exd4 15. Kc2 Bd7 16. Bf3 Bc6 17. b3 Bg5 18. Rhf1 Bf4 19. h3 Be3 20. a4 Rae8 21.
Rae1 g6 22. a5 b5 23. e5 Bxf3 24. Rxf3 Rxe5 25. Rf6 bxc4 26. dxc4 Rxa5 27. Kb2
Ra6 28. Rff1 Rb8 29. Re2 Rab6 30. Kc2 Rxb3 31. g4 d3+ 32. Kd1 Rb1# 0-1

[Event "Challenge"]
[Site "http://www.queenalice.com/game.php?id=740817"]
[Date "2010.3.4"]
[Round "-"]
[White "WILSONCSQ"]
[Black "Tonico"]
[Result "1-0"]
[WhiteElo "1666"]
[BlackElo "1647"]

1. e4 e5 2. Nf3 Nc6 3. Nc3 Nf6 4. d3 d6 5. Be2 Be7 6. O-O O-O 7. a3 Be6 8. Ng5
h6 9. Nxe6 fxe6 10. Be3 Qe8 11. Nb5 Bd8 12. d4 a6 13. Nc3 exd4 14. Bxd4 e5 15.
Be3 Be7 16. Nd5 Qd7 17. h3 b5 18. Bg4 Nxg4 19. hxg4 Qd8 20. Nb4 Nxb4 21. axb4 g5
22. Qd5+ Kh7 23. Qc6 Rf6 24. Qd5 Qc8 25. c4 c6 26. Qd3 Qxg4 27. cxb5 cxb5 28.
Qd5 Rff8 29. Qb7 Qe6 30. Rxa6 Rab8 31. Qc7 Rbc8 32. Qa5 Qd7 33. Ra7 Qe8 34. Rc1
Rxc1+ 35. Bxc1 Kg8 36. Qc7 Rf7 37. Qa5 Kf8 38. Ra8 Qxa8 39. Qxa8+ Kg7 40. Qa6 g4
41. Qxb5 Kf6 42. Bxh6 Kg6 43. Bd2 Bh4 44. g3 Be7 45. Qe2 Rf3 46. b5 Bd8 47. Be3
Kh5 48. Qd2 Rf7 49. Qxd6 Bf6 50. b6 Kg6 51. Qc6 Kh5 52. b7 1-0

[Event "Challenge"]
[Site "http://www.queenalice.com/game.php?id=793651"]
[Date "2010.6.22"]
[Round "-"]
[White "DanizinhaBH"]
[Black "Tonico"]
[Result "0-1"]
[WhiteElo "1724"]
[BlackElo "1636"]

1. e4 e5 2. Nf3 Nc6 3. Nc3 d6 4. h3 Nf6 5. Bc4 a6 6. a4 Na5 7. Ba2 Be7 8. b4 Nc6
9. Ba3 b5 10. a5 Be6 11. Bxe6 fxe6 12. O-O h6 13. Ne2 Nxe4 14. d3 Ng5 15. Nxg5
Bxg5 16. c3 O-O 17. d4 exd4 18. Nxd4 Nxd4 19. cxd4 Bf6 20. Re1 e5 21. Bb2 exd4
22. Bxd4 Bxd4 23. Qxd4 Qf6 24. Qd5+ Kh8 25. Re2 Qxa1+ 26. Kh2 Rae8 27. Rc2 Rc8
0-1

[Event "Challenge"]
[Site "http://www.queenalice.com/game.php?id=793652"]
[Date "2010.6.22"]
[Round "-"]
[White "Tonico"]
[Black "DanizinhaBH"]
[Result "1-0"]
[WhiteElo "1615"]
[BlackElo "1745"]

1. e4 e5 2. Nf3 Nc6 3. Nc3 a6 4. d4 exd4 5. Nxd4 Nxd4 6. Qxd4 Nf6 7. a3 c5 8.
Qe5+ Be7 9. Bc4 d6 10. Qg3 g6 11. O-O Be6 12. Bxe6 fxe6 13. f3 d5 14. exd5 O-O
15. dxe6 Qb6 16. Kh1 Bd6 17. Qe1 Rfe8 18. Qh4 Rxe6 19. b3 Rd8 20. Bg5 Be5 21.
Qc4 Rd4 22. Qe2 Rdd6 23. Ne4 Bxa1 24. Rxa1 Nd5 25. Qc4 Qc6 26. Nxd6 1-0